Catálogo público

Anales del Instituto Nacional de Investigaciones Agrarias : (Record no. 77710)

MARC details
000 -CABECERA
campo de control de longitud fija 01176cas a22002897ar4500
005 - FECHA Y HORA DE LA ÚLTIMA TRANSACCIÓN
campo de control 20220329142044.0
008 - DATOS DE LONGITUD FIJA--INFORMACIÓN GENERAL
campo de control de longitud fija 990430d19741979es a p rnn uub0spa d
010 ## - NÚMERO DE CONTROL DE LA BIBLIOTECA DEL CONGRESO
Número de control de LC 77710
011 ## - ENLACE DEL NUMERO DE CONTROL DE LA BIBLIOTECA DEL CONGRESO [OBSOLETO]
Número de control de LC 78682
035 ## - NÚMERO DE CONTROL DEL SISTEMA
Número de control de sistema 88699
245 00 - MENCIÓN DE TÍTULO
Título Anales del Instituto Nacional de Investigaciones Agrarias :
Resto del título Serie Higiene y Sanidad Animal
Mención de responsabilidad, etc. /por Instituto Nacional de Investigaciones Agrarias. Ministerio de Agricultura.
260 0# - PUBLICACIÓN, DISTRIBUCIÓN, ETC.
Lugar de publicación, distribución, etc. Madrid, España :
Nombre del editor, distribuidor, etc. Instituto Nacional de Investigaciones Agrarias. Ministerio de Agricultura,
Fecha de publicación, distribución, etc. 1974-1979.
300 ## - DESCRIPCIÓN FÍSICA
Extensión n.
310 ## - PERIODICIDAD ACTUAL
Periodicidad actual Anual
362 ## - FECHAS DE PUBLICACIÓN Y/O DESIGNACIÓN SECUENCIAL
Fecha de publicación y/o designación secuencial n.1, 1974
500 ## - NOTA GENERAL
Nota general Contiene resúmenes en inglés
590 ## - NOTA LOCAL (RLIN)
Nota local BATCH-UPD
Procedencia (VM) [OBSOLETO] 10
Condición del los carretes individuales (VM) [OBSOLETO] 20130110
-- UCH01
-- 0737
590 ## - NOTA LOCAL (RLIN)
Nota local BATCH-UPD
Procedencia (VM) [OBSOLETO] 10
Condición del los carretes individuales (VM) [OBSOLETO] 20130410
-- UCH01
-- 0419
590 ## - NOTA LOCAL (RLIN)
Nota local BATCH-UPD
Procedencia (VM) [OBSOLETO] 10
Condición del los carretes individuales (VM) [OBSOLETO] 20130914
-- UCH01
-- 1616
590 ## - NOTA LOCAL (RLIN)
Nota local CONVERSION
Procedencia (VM) [OBSOLETO] 10
Condición del los carretes individuales (VM) [OBSOLETO] 20130109
-- UCH01
-- 1343
650 14 - PUNTO DE ACCESO ADICIONAL DE MATERIA--TÉRMINO DE MATERIA
Término de materia o nombre geográfico como elemento de entrada Higiene veterinaria
Subdivisión general Publicaciones periódicas.
9 (RLIN) 55336
650 14 - PUNTO DE ACCESO ADICIONAL DE MATERIA--TÉRMINO DE MATERIA
Término de materia o nombre geográfico como elemento de entrada Sanidad animal
Subdivisión general Publicaciones periódicas.
9 (RLIN) 102223
785 ## - ENTRADA/ENLACE A UN TÍTULO POSTERIOR
Título Anales del Instituto Nacional de Investigaciones Agrarias. Serie Ganadera, 1982
866 ## - MENCIÓN TEXTUAL DE FONDOS--UNIDAD BIBLIOGRÁFICA BÁSICA
Cadena textual n.1-4 (1974-1979)
901 ## - ELEMENTOS DE DATOS A LOCAL LDA (RLIN)
a SE
905 ## - ELEMENTOS DE DATOS E LOCAL, LDE (RLIN)
a Ma. del Socorro Iturbe C.

No items available.